| 000 | 00672nam a22002057a 4500 | ||
|---|---|---|---|
| 999 |
_c13212 _d13212 |
||
| 003 | MIRAKIL | ||
| 005 | 20190506152605.0 | ||
| 008 | 190506b tu ||||| |||| 00| 0 tur d | ||
| 020 | _a9786053995180 | ||
| 040 |
_aTR-AnCHP _cTR-AnCHP |
||
| 041 | _atur | ||
| 082 |
_a720.9561 _bB83 2018 |
||
| 245 | 1 | 0 |
_aBugünün Türkiyesi'nde mimarlık ? _cDerleyen Evren Aysev. |
| 260 |
_aİstanbul : _bİstanbul Bilgi Üniversitesi yayınları, _c2018. |
||
| 300 |
_a282 s.: _bfotg.; _c23 sm. |
||
| 490 | 0 |
_aİstanbul Bilgi Üniversitesi yayınları; _aKent/monografi _v628. _v10. |
|
| 504 | _aBibliyografik bilgi içerir. | ||
| 650 | 0 |
_95699 _aMimarlık _xTürkiye |
|
| 942 |
_2ddc _cBKS |
||